| 000 | 00883nam2a22002531 4500 | ||
|---|---|---|---|
| 001 | rc\69478 | ||
| 005 | 20250620200424.0 | ||
| 010 |
_a5-88215-027-5 _950000 |
||
| 035 | _a(NLR Aleph) 005400428 | ||
| 090 |
_a7269609 _c7269609 |
||
| 100 | _a20021216d1994 |||y0rusy50 ca | ||
| 101 | 0 | _arus | |
| 102 | _aRU | ||
| 105 | _aa ||||||||| | ||
| 200 | 0 |
_a2 _f[Пер. Е. Блиновой] |
|
| 210 |
_d1994 _aБ. м. |
||
| 215 |
_a[57] с. _cцв. ил. |
||
| 300 | _aПеревод изд.: Tartarughe ninja-2 (Milano, 1991) | ||
| 461 | 0 |
_1001rc\69477 _12001#$aНеобыкновенные черепашки$e[Перевод$eДля детей]$v2 _97269604 _cМ. _d1994- _nМахаон _o[Перевод : Для детей] _tНеобыкновенные черепашки _v2 |
|
| 801 | 0 |
_aRU _bNLR _gpsbo |
|
| 801 | 1 |
_aRU _bELAR _2rusmarc |
|
| 852 |
_aNLR _j94-9/22 |
||
| 942 | _cBOOK | ||
| 980 | _aNB | ||